000 00548nam a2200145 a 4500
001 000042057
005 20201002035919.0
008 131112s1986 sp ad 000 0 spa d
020 _a84006674X
040 _aDO-SdBNP
_bspa
_cBNPHU
245 1 0 _aProceedings of the 1986 International Congress on Renewable Energy Sources :
_bproceedings of the 1986, 18-23 may, 1986 /
_ceditor S. Terol.
260 _aMadrid :
_bConsejo Superior de Investigaciones Científicas,
_c1986.
300 _av. :
_bil., gráf. ;
_c25 cm.
500 _aLa biblioteca posee el v. 2
999 _c41546
_d41546